[Event "Gibraltar Masters 2014"]
[Site "Caleta ENG"]
[Date "2014.01.29"]
[Round "2.46"]
[White "Quintin Navarro, A."]
[Black "Xu Jun"]
[Result "0-1"]
[WhiteElo "2320"]
[BlackElo "2510"]
[PlyCount "68"]
[EventDate "2014.01.28"]

1. d4 Nf6 2. c4 e6 3. Nf3 Bb4+ 4. Bd2 a5 5. Nc3 d6 6. e3 O-O 7. Bd3 e5 8. Qc2
exd4 9. Nxd4 Nbd7 10. O-O Re8 11. h3 Nc5 12. Be2 a4 13. Bf3 h6 14. Rad1 Bd7 15.
Nb1 Bxd2 16. Nxd2 c6 17. Rb1 Nh7 18. Ne4 Qe7 19. Ng3 Ng5 20. Be2 g6 21. Bd3 Qf6
22. h4 Nge6 23. Nxe6 Bxe6 24. h5 Nxd3 25. Qxd3 d5 26. c5 gxh5 27. Nxh5 Qg5 28.
Ng3 h5 29. Qd4 h4 30. Ne2 Bh3 31. Ng3 Bg4 32. f4 Qe7 33. Rf3 hxg3 34. Rxg3 f5
0-1

[Event "Gibraltar Masters 2014"]
[Site "Caleta ENG"]
[Date "2014.01.29"]
[Round "2.47"]
[White "Muzychuk, M."]
[Black "Fuchs, Ju"]
[Result "1-0"]
[WhiteElo "2503"]
[BlackElo "2315"]
[PlyCount "83"]
[EventDate "2014.01.28"]

1. e4 c6 2. d4 d5 3. Nc3 dxe4 4. Nxe4 Bf5 5. Ng3 Bg6 6. h4 h6 7. Nf3 Nd7 8. h5
Bh7 9. Bd3 Bxd3 10. Qxd3 Qc7 11. Bd2 e6 12. Ne4 Ngf6 13. O-O-O O-O-O 14. g3
Nxe4 15. Qxe4 Bd6 16. Kb1 c5 17. dxc5 Nxc5 18. Qe2 Rhe8 19. Rh4 Kb8 20. Rc4 Qe7
21. Bb4 f6 22. Rcd4 Bc7 23. Qb5 b6 24. Rxd8+ Rxd8 25. Nd4 Kb7 26. Qc6+ Kb8 27.
Rd3 e5 28. Qxc5 Qxc5 29. Bxc5 exd4 30. Bxd4 Re8 31. Re3 Rd8 32. c3 Rd7 33. Kc2
Kb7 34. a4 a6 35. Re6 Bd8 36. g4 Rd5 37. Kd3 f5 38. Re5 Rxe5 39. Bxe5 fxg4 40.
Bxg7 Bh4 41. Bxh6 Bxf2 42. Ke2 1-0

[Event "Gibraltar Masters 2014"]
[Site "Caleta ENG"]
[Date "2014.01.29"]
[Round "2.48"]
[White "Salomon, J."]
[Black "Gallagher, Jo"]
[Result "1/2-1/2"]
[WhiteElo "2308"]
[BlackElo "2495"]
[PlyCount "136"]
[EventDate "2014.01.28"]

1. e4 c5 2. Nf3 d6 3. d4 cxd4 4. Qxd4 Nf6 5. Bb5+ Nc6 6. O-O Bd7 7. Qd3 g6 8.
c4 Bg7 9. h3 O-O 10. Nc3 Rc8 11. Be3 a6 12. Bxc6 Bxc6 13. Nd4 Nd7 14. Rac1 Nc5
15. Qc2 Ne6 16. Nxe6 fxe6 17. f3 Qa5 18. Qb3 Qh5 19. Ne2 g5 20. Bd4 e5 21. Ng3
Qg6 22. Nf5 Rxf5 23. exf5 Qxf5 24. Bc3 h5 25. Qc2 Qxc2 26. Rxc2 Kf7 27. Bd2 Kg6
28. Be3 Bf6 29. b3 e6 30. Rd1 Rd8 31. Bb6 Rd7 32. Re2 d5 33. a4 d4 34. a5 g4
35. hxg4 hxg4 36. Kf2 gxf3 37. gxf3 Bh4+ 38. Kg2 Kf5 39. Rh1 Bg5 40. Kf2 Bf4
41. Rh8 d3 42. Rf8+ Kg6 43. Re1 d2 44. Rg1+ Kh7 45. Rd8 Bg3+ 46. Kxg3 Rg7+ 47.
Kf2 Rxg1 48. Rxd2 Rb1 49. Re2 e4 50. fxe4 Rxb3 51. c5 Kg6 52. Re3 Rb4 53. Kf3
e5 54. Re1 Kf6 55. Re2 Ke6 56. Re1 Be8 57. Rh1 Bc6 58. Rh6+ Kf7 59. Rh4 Kg6 60.
Bc7 Rxe4 61. Rxe4 Kf5 62. Ke3 Bxe4 63. Bb8 Bg2 64. Bc7 Ke6 65. Bb8 Kd5 66. Bc7
Bh3 67. Bb6 Bf5 68. Ba7 Bd7 1/2-1/2

[Event "Gibraltar Masters 2014"]
[Site "Caleta ENG"]
[Date "2014.01.29"]
[Round "2.49"]
[White "Pogonina, N."]
[Black "Aharon, O."]
[Result "1/2-1/2"]
[WhiteElo "2495"]
[BlackElo "2304"]
[PlyCount "98"]
[EventDate "2014.01.28"]

1. e4 c5 2. Nf3 g6 3. d4 cxd4 4. Nxd4 Nc6 5. c4 Nf6 6. Nc3 d6 7. Be2 Nxd4 8.
Qxd4 Bg7 9. Be3 O-O 10. Qd2 a5 11. O-O a4 12. Rad1 Qa5 13. f3 Be6 14. Nb5 Qxd2
15. Rxd2 Rfc8 16. Rc1 Nd7 17. g4 Ne5 18. Rdc2 Nc6 19. a3 Na5 20. Kf2 Nb3 21.
Rd1 Na5 22. Rdc1 Nb3 23. Rd1 Nc5 24. Nc3 f5 25. exf5 gxf5 26. h3 Kf7 27. Nd5
Rc6 28. Nb4 Rcc8 29. Kg2 Ra5 30. f4 Nd7 31. Rdc1 Nf6 32. Bb6 Raa8 33. Bf3 Ne4
34. gxf5 Bxf5 35. Re2 Nc5 36. Bxc5 Rxc5 37. Bxb7 Rg8 38. Kh2 Bh6 39. Rf2 e6 40.
Na6 Ra5 41. c5 Rb5 42. Bg2 dxc5 43. Rxc5 Bxf4+ 44. Kh1 Rxc5 45. Nxc5 Be3 46.
Rxf5+ exf5 47. Bd5+ Kg7 48. Bxg8 Bxc5 49. Bc4 Bd4 1/2-1/2

[Event "Gibraltar Masters 2014"]
[Site "Caleta ENG"]
[Date "2014.01.29"]
[Round "2.50"]
[White "De Haan, E."]
[Black "Debashis, D."]
[Result "0-1"]
[WhiteElo "2303"]
[BlackElo "2494"]
[PlyCount "78"]
[EventDate "2014.01.28"]

1. d4 Nf6 2. c4 e6 3. Nc3 Bb4 4. e3 O-O 5. Nge2 d5 6. a3 Be7 7. cxd5 exd5 8.
Nf4 a5 9. Bd3 Na6 10. O-O c6 11. f3 Nc7 12. Bc2 Ne6 13. e4 dxe4 14. Nxe6 Bxe6
15. fxe4 Qb6 16. Qd3 Rfd8 17. e5 Rxd4 18. Be3 Rxd3 19. Bxb6 Rxc3 20. bxc3 Nd5
21. Bf2 Nxc3 22. Be1 Ne2+ 23. Kh1 Nd4 24. Bd1 b5 25. Rf4 c5 26. Bc3 Nb3 27. Bf3
Rb8 28. Rd1 c4 29. Bd5 Bxa3 30. Bxe6 fxe6 31. Be1 Bf8 32. Rd7 a4 33. Ra7 a3 34.
g4 Nc1 35. Ba5 Nd3 36. Rf1 Bc5 37. Ra6 Rf8 38. Rxf8+ Kxf8 39. Bc7 c3 0-1

[Event "Gibraltar Masters 2014"]
[Site "Caleta ENG"]
[Date "2014.01.29"]
[Round "2.51"]
[White "Popilski, G."]
[Black "Wahlbom, M."]
[Result "1-0"]
[WhiteElo "2492"]
[BlackElo "2297"]
[PlyCount "85"]
[EventDate "2014.01.28"]

1. d4 Nf6 2. c4 e6 3. Nc3 Bb4 4. e3 c5 5. Nge2 cxd4 6. exd4 O-O 7. a3 Be7 8. d5
exd5 9. cxd5 Bc5 10. b4 Bb6 11. Na4 d6 12. Nxb6 axb6 13. Nc3 Nbd7 14. Be2 Ne5
15. h3 Bd7 16. Be3 Rc8 17. Qd4 Re8 18. O-O Bxh3 19. gxh3 Rc4 20. Bxc4 Nf3+ 21.
Kg2 Nxd4 22. Bxd4 Ne4 23. Rfe1 Qg5+ 24. Kh1 Qf5 25. Bf1 Kf8 26. Nxe4 Rxe4 27.
Bxb6 Qf3+ 28. Kg1 Rxe1 29. Rxe1 Qxa3 30. b5 Qc3 31. Re3 Qd2 32. Bd8 f5 33. Be7+
Kf7 34. Bxd6 Qxd5 35. Be5 g5 36. Be2 Kg6 37. Bc3 f4 38. Rd3 Qc5 39. Bf3 Qxb5
40. Rd6+ Kf7 41. Bf6 Qb1+ 42. Kg2 Kg6 43. Bd8+ 1-0

[Event "Gibraltar Masters 2014"]
[Site "Caleta ENG"]
[Date "2014.01.29"]
[Round "2.53"]
[White "Tan Zhongyi"]
[Black "Sanchez Castillo, S."]
[Result "1-0"]
[WhiteElo "2483"]
[BlackElo "2219"]
[PlyCount "45"]
[EventDate "2014.01.28"]

1. d4 d5 2. c4 c6 3. Nf3 Nf6 4. Nc3 dxc4 5. a4 Bf5 6. Nh4 Bg4 7. h3 Bh5 8. g4
Bg6 9. Nxg6 hxg6 10. e4 e5 11. Bxc4 exd4 12. e5 Nxg4 13. Qxg4 dxc3 14. Bg5 cxb2
15. Rd1 Qc7 16. O-O Be7 17. Bxe7 Kxe7 18. Qg5+ Ke8 19. Bxf7+ Kxf7 20. e6+ Ke8
21. Qxg6+ Kf8 22. Rd8+ Ke7 23. Qg5+ 1-0

[Event "Gibraltar Masters 2014"]
[Site "Caleta ENG"]
[Date "2014.01.29"]
[Round "2.55"]
[White "Knudsen, JesW"]
[Black "Raznikov, D."]
[Result "0-1"]
[WhiteElo "1874"]
[BlackElo "2479"]
[PlyCount "54"]
[EventDate "2014.01.28"]

1. e4 c5 2. a3 Nc6 3. b4 e5 4. b5 Nd4 5. Bb2 Nf6 6. Bxd4 cxd4 7. c3 Bc5 8. Bc4
Nxe4 9. Qg4 Ng5 10. Qg3 O-O 11. Ne2 d5 12. Bxd5 Qxd5 13. Qxg5 d3 14. c4 Qxc4
15. Nec3 Qg4 16. Qxg4 Bxg4 17. f3 Be6 18. Ne4 Bd4 19. Nbc3 Rfd8 20. Rc1 Rac8
21. g4 f5 22. gxf5 Bxf5 23. h4 Rc4 24. Rh2 Bxe4 25. fxe4 Rdc8 26. Rh3 Bxc3 27.
dxc3 Rxc3 0-1

[Event "Gibraltar Masters 2014"]
[Site "Caleta ENG"]
[Date "2014.01.29"]
[Round "2.56"]
[White "Henrichs, T."]
[Black "Mihajlov, Seb"]
[Result "1-0"]
[WhiteElo "2477"]
[BlackElo "2185"]
[PlyCount "71"]
[EventDate "2014.01.28"]

1. d4 d5 2. c4 c6 3. Nc3 Nf6 4. e3 e6 5. Nf3 Nbd7 6. Bd3 dxc4 7. Bxc4 b5 8. Bd3
Bb7 9. e4 b4 10. Na4 c5 11. e5 Nd5 12. O-O cxd4 13. Re1 Be7 14. Nxd4 O-O 15.
Qg4 Kh8 16. Qh3 g6 17. Bh6 Rg8 18. Qg3 Rc8 19. Rad1 Qa5 20. b3 Nc5 21. Nxc5
Qxc5 22. Nf3 Bf8 23. Bxf8 Qxf8 24. Be4 Ba8 25. Rd4 h6 26. Nd2 Rc3 27. Qg4 Qc5
28. Qh4 Kh7 29. Nc4 Rxc4 30. Rxc4 Qa5 31. Bxd5 Qxd5 32. f3 Rd8 33. Qf6 Kg8 34.
Rc7 Rf8 35. Rec1 Qd4+ 36. Kh1 1-0

[Event "Gibraltar Masters 2014"]
[Site "Caleta ENG"]
[Date "2014.01.29"]
[Round "2.58"]
[White "Ganguly, S."]
[Black "Iagar, R."]
[Result "1-0"]
[WhiteElo "2619"]
[BlackElo "2171"]
[PlyCount "49"]
[EventDate "2014.01.28"]

1. d4 d5 2. c4 c6 3. Nc3 dxc4 4. e3 b5 5. a4 b4 6. Ne4 Qd5 7. Ng3 Nf6 8. Be2 a5
9. Nf3 Nbd7 10. Qc2 Nb6 11. Ne5 Qd6 12. Nxc4 Nxc4 13. Bxc4 e6 14. e4 Nd7 15.
Be3 Ba6 16. Rc1 Bb7 17. O-O Be7 18. f4 O-O 19. e5 Qc7 20. f5 exf5 21. Nxf5 Nb6
22. d5 Nxc4 23. Qxc4 Qxe5 24. Bd4 Qc7 25. Bxg7 1-0

[Event "Gibraltar Masters 2014"]
[Site "Caleta ENG"]
[Date "2014.01.29"]
[Round "2.61"]
[White "Hoang Thanh Trang"]
[Black "Heer, S."]
[Result "1-0"]
[WhiteElo "2511"]
[BlackElo "2106"]
[PlyCount "47"]
[EventDate "2014.01.28"]

1. d4 c5 2. d5 e5 3. e4 d6 4. Nc3 Be7 5. Nf3 Bg4 6. h3 Bxf3 7. Qxf3 Bg5 8. Bxg5
Qxg5 9. Nb5 Qd8 10. Qg4 Nf6 11. Qxg7 Rg8 12. Qh6 Rg6 13. Qe3 a6 14. Nc3 b5 15.
a4 Qa5 16. g3 Nbd7 17. Be2 c4 18. O-O b4 19. Nb1 Rc8 20. Nd2 Nb6 21. Kh2 b3 22.
c3 Nfd7 23. Bg4 Rc7 24. Bf5 1-0

[Event "Gibraltar Masters 2014"]
[Site "Caleta ENG"]
[Date "2014.01.29"]
[Round "2.63"]
[White "Rahman, Zia"]
[Black "Weichelt, J."]
[Result "1-0"]
[WhiteElo "2499"]
[BlackElo "2116"]
[PlyCount "79"]
[EventDate "2014.01.28"]

1. Nf3 Nf6 2. c4 e6 3. g3 b6 4. Bg2 Bb7 5. O-O Be7 6. b3 O-O 7. Bb2 d5 8. e3 c5
9. Nc3 dxc4 10. bxc4 Ne4 11. Ne2 Nc6 12. d3 Nd6 13. Nf4 Bf6 14. Qe2 Bxb2 15.
Qxb2 Qe7 16. Rac1 Rac8 17. Rfd1 Rfd8 18. h4 Nf5 19. Bh3 Nb4 20. Ne1 Ba8 21. a3
Na6 22. Nh5 f6 23. Nf4 g6 24. Kh2 Kf7 25. Qe2 Ng7 26. d4 Nc7 27. d5 Rb8 28. e4
exd5 29. cxd5 Bb7 30. Nf3 Kg8 31. Qe3 Nb5 32. h5 gxh5 33. Ne6 Nxe6 34. Bxe6+
Kh8 35. Qf4 Nd6 36. Nh4 Qg7 37. Re1 Bc8 38. Nf5 Qf8 39. Nxd6 Rxd6 40. e5 1-0

[Event "Gibraltar Masters 2014"]
[Site "Caleta ENG"]
[Date "2014.01.29"]
[Round "2.64"]
[White "Ashwin, J."]
[Black "Agbabishvili, Lali"]
[Result "1-0"]
[WhiteElo "2473"]
[BlackElo "1939"]
[PlyCount "85"]
[EventDate "2014.01.28"]

1. e4 c5 2. Nf3 d6 3. d4 cxd4 4. Nxd4 Nf6 5. Nc3 a6 6. Be3 e5 7. Nb3 Be6 8. Qd2
Be7 9. O-O-O O-O 10. f4 Nc6 11. f5 Bxb3 12. cxb3 Ng4 13. Kb1 Nxe3 14. Qxe3 b5
15. h4 Nd4 16. Nd5 Rc8 17. g4 Rc5 18. Bd3 f6 19. b4 Rxd5 20. exd5 Qd7 21. Rc1
Bd8 22. Be4 Bb6 23. Qd2 Ra8 24. g5 Bd8 25. Rh3 Qe7 26. Rg3 a5 27. bxa5 Bxa5 28.
Ra3 Qd8 29. b4 Bb6 30. Rxa8 Qxa8 31. gxf6 gxf6 32. Rg1+ Kf7 33. Qh6 Qh8 34. Rg2
Bd8 35. Kc1 Bb6 36. Rd2 Bd8 37. Rg2 Bb6 38. Qh5+ Ke7 39. Rg6 Kf8 40. Qh6+ Kf7
41. Rg3 Bd8 42. Qh5+ Ke7 43. Ra3 1-0

[Event "Gibraltar Masters 2014"]
[Site "Caleta ENG"]
[Date "2014.01.29"]
[Round "2.65"]
[White "Valsecchi, A."]
[Black "Nyland, T."]
[Result "1-0"]
[WhiteElo "2418"]
[BlackElo "2048"]
[PlyCount "57"]
[EventDate "2014.01.28"]

1. e4 e5 2. Nf3 Nc6 3. d4 exd4 4. Nxd4 Nf6 5. Nxc6 bxc6 6. e5 Qe7 7. Qe2 Nd5 8.
c4 Ba6 9. Nd2 Nf4 10. Qe3 Ng6 11. f4 f6 12. g3 Qc5 13. Qxc5 Bxc5 14. exf6 gxf6
15. Nb3 Be7 16. Bd2 O-O-O 17. O-O-O d5 18. Na5 Bb7 19. Nxb7 Kxb7 20. Bc3 Rhe8
21. Bg2 dxc4 22. Rxd8 Rxd8 23. Re1 f5 24. Bf1 Bc5 25. Bxc4 Ne7 26. Bf6 Rd7 27.
Be6 Rd3 28. Bxe7 Bxe7 29. Bxf5 1-0

[Event "Gibraltar Masters 2014"]
[Site "Caleta ENG"]
[Date "2014.01.29"]
[Round "2.66"]
[White "Rudd, J."]
[Black "Lobersli, Henrik Oie"]
[Result "1-0"]
[WhiteElo "2206"]
[BlackElo "1862"]
[PlyCount "65"]
[EventDate "2014.01.28"]

1. e4 e5 2. d4 exd4 3. Qxd4 Nc6 4. Qe3 Nf6 5. Nc3 Bb4 6. Bd2 O-O 7. O-O-O Re8
8. Bc4 Bxc3 9. Bxc3 d6 10. f3 Be6 11. Bxe6 Rxe6 12. Nh3 Ne5 13. Nf4 Re8 14. g4
Nexg4 15. fxg4 Nxe4 16. Nh5 Nxc3 17. Qxc3 Qg5+ 18. Kb1 Re7 19. Rhe1 Rae8 20. h4
Rxe1 21. Rxe1 Rxe1+ 22. Qxe1 Qe5 23. Qxe5 dxe5 24. g5 h6 25. gxh6 gxh6 26. Kc1
f5 27. Ng3 f4 28. Ne4 Kf7 29. Kd2 Kg6 30. Kd3 Kf5 31. Nf2 h5 32. c4 c5 33. a3
1-0

[Event "Gibraltar Masters 2014"]
[Site "Caleta ENG"]
[Date "2014.01.29"]
[Round "2.67"]
[White "Omoifo, Osemekhian I"]
[Black "Nakar, Ey"]
[Result "0-1"]
[WhiteElo "2076"]
[BlackElo "2398"]
[PlyCount "139"]
[EventDate "2014.01.28"]

1. Nf3 Nf6 2. d4 g6 3. g3 Bg7 4. Bg2 O-O 5. O-O d6 6. c4 Nc6 7. Nc3 Rb8 8. Bg5
h6 9. Bd2 a6 10. Qc1 Kh7 11. Rd1 Bd7 12. Be1 Re8 13. e4 Bg4 14. h3 Bxf3 15.
Bxf3 Nd7 16. Ne2 e5 17. d5 Nd4 18. Nxd4 exd4 19. Bg2 c5 20. Bd2 b5 21. b3 Ne5
22. Bf4 Qa5 23. Bxe5 Bxe5 24. Qd2 Qa3 25. Bf1 Kg7 26. Rac1 Re7 27. Bd3 Bf6 28.
Re1 b4 29. Rcd1 a5 30. Re2 a4 31. bxa4 Qxa4 32. Rde1 b3 33. axb3 Rxb3 34. Bc2
Qxc4 35. Bxb3 Qxb3 36. Qc2 Qb5 37. Rb1 Qa6 38. Rd2 c4 39. Rb4 Rc7 40. Kg2 Qa5
41. Rb1 d3 42. Qc1 Qc5 43. Qf1 Qd4 44. Re1 Re7 45. f3 Rb7 46. Red1 Bg5 47. f4
Bd8 48. Qf3 Re7 49. Re2 dxe2 50. Rxd4 e1=N+ 51. Kf2 Nxf3 52. Kxf3 Rc7 53. Rd2
Bf6 54. Rc2 c3 55. g4 Rb7 56. g5 hxg5 57. e5 dxe5 58. fxg5 Bxg5 59. Rxc3 Rd7
60. Rc5 f5 61. Rb5 e4+ 62. Kg3 Be3 63. Ra5 Kf6 64. Ra6+ Kg5 65. h4+ Kh5 66. Ra5
g5 67. hxg5 Kxg5 68. Rb5 f4+ 69. Kg2 Kg4 70. Ra5 0-1

[Event "Gibraltar Masters 2014"]
[Site "Caleta ENG"]
[Date "2014.01.29"]
[Round "2.68"]
[White "Kaczmarczyk, D."]
[Black "Othman, Mustapha"]
[Result "1-0"]
[WhiteElo "2358"]
[BlackElo "1905"]
[PlyCount "129"]
[EventDate "2014.01.28"]

1. d4 Nf6 2. c4 g6 3. Nc3 d5 4. cxd5 Nxd5 5. e4 Nxc3 6. bxc3 Bg7 7. Nf3 c5 8.
Be3 Nc6 9. Rc1 O-O 10. d5 Ne5 11. Nxe5 Bxe5 12. f4 Bg7 13. Qd2 b6 14. Bc4 Bb7
15. O-O Qd7 16. Rb1 Rad8 17. Rfd1 Qa4 18. Qd3 e6 19. Bxc5 bxc5 20. Rxb7 exd5
21. Bxd5 Kh8 22. Rdb1 Qxa2 23. Bxa2 Rxd3 24. e5 Rfd8 25. Bxf7 Rxc3 26. e6 Bf6
27. e7 Bxe7 28. Rxe7 a5 29. Bd5 Rd3 30. Be4 Rd1+ 31. Rxd1 Rxd1+ 32. Kf2 a4 33.
Ra7 Ra1 34. Ke3 Ra3+ 35. Kd2 Ra2+ 36. Kc3 Rf2 37. Bf3 h5 38. Rxa4 h4 39. h3 Rf1
40. Rc4 Kg7 41. Rxc5 Kf6 42. Kd4 Re1 43. Be4 Kg7 44. Rg5 Kh6 45. Rxg6+ Kh5 46.
Rg5+ Kh6 47. Bf3 Re7 48. Rh5+ Kg6 49. Rxh4 Kf5 50. g3 Re1 51. Rh5+ Kg6 52. Re5
Rg1 53. g4 Rg3 54. Be4+ Kh6 55. g5+ Kg7 56. h4 Rg4 57. f5 Rxh4 58. f6+ Kf7 59.
Re7+ Kf8 60. g6 Rg4 61. g7+ Kg8 62. Re8+ Kf7 63. Rf8+ Ke6 64. g8=Q+ Kd6 65.
Qd5+ 1-0

[Event "Gibraltar Masters 2014"]
[Site "Caleta ENG"]
[Date "2014.01.29"]
[Round "2.69"]
[White "Chapman, T."]
[Black "Edakina, A."]
[Result "1-0"]
[WhiteElo "2304"]
[BlackElo "1756"]
[PlyCount "49"]
[EventDate "2014.01.28"]

1. Nf3 Nf6 2. c4 c6 3. d4 d5 4. Qc2 a6 5. Nbd2 e6 6. e4 Nxe4 7. Nxe4 dxe4 8.
Qxe4 Bb4+ 9. Bd2 Bxd2+ 10. Nxd2 Nd7 11. Be2 Nf6 12. Qe3 O-O 13. O-O Re8 14.
Rad1 Qc7 15. f4 b5 16. c5 Nd5 17. Qf2 Nf6 18. Bd3 Qe7 19. Nf3 Ng4 20. Qe2 Qf6
21. Ng5 h6 22. Qxg4 hxg5 23. fxg5 Qd8 24. Qh4 g6 25. Rxf7 1-0

[Event "Gibraltar Masters 2014"]
[Site "Caleta ENG"]
[Date "2014.01.29"]
[Round "2.70"]
[White "Nilsen, Martin"]
[Black "Galmandakh, Badrakh"]
[Result "1-0"]
[WhiteElo "1878"]
[BlackElo "2225"]
[PlyCount "119"]
[EventDate "2014.01.28"]

1. e3 d6 2. d4 g6 3. c4 Bg7 4. Nc3 c5 5. Nf3 cxd4 6. exd4 Nf6 7. h3 O-O 8. Bd3
d5 9. Be3 b6 10. O-O Bb7 11. Ne5 Nc6 12. Nxc6 Bxc6 13. Qd2 Rc8 14. b3 Qd7 15.
Rfd1 Rfd8 16. Rac1 e6 17. Ne2 dxc4 18. bxc4 b5 19. cxb5 Bxb5 20. Qa5 Bxd3 21.
Rxd3 Rxc1+ 22. Bxc1 Nd5 23. Ra3 Bf8 24. Rb3 Ne7 25. Rb7 Qxb7 26. Qxd8 Qc8 27.
Qxc8 Nxc8 28. Nc3 a6 29. Ne4 Bg7 30. Nc5 a5 31. Bd2 Bxd4 32. Nb3 Bb2 33. Nxa5
Nb6 34. Be3 Na4 35. Nc4 Bc3 36. Kf1 Bb4 37. Bd4 Kf8 38. Nb2 Nc3 39. Nd3 Ba5 40.
Bc5+ Ke8 41. a3 f6 42. Bb4 Bxb4 43. Nxb4 Kd7 44. f4 Kd6 45. Kf2 e5 46. fxe5+
Kxe5 47. Ke3 Nd1+ 48. Kd2 Nf2 49. Nd3+ Nxd3 50. Kxd3 g5 51. a4 f5 52. a5 Kd5
53. a6 Kc6 54. Kd4 h5 55. Ke5 f4 56. Kf5 g4 57. hxg4 f3 58. gxf3 h4 59. Kf4 Kb6
60. g5 1-0

[Event "Gibraltar Masters 2014"]
[Site "Caleta ENG"]
[Date "2014.01.29"]
[Round "2.72"]
[White "Mekhitarian, K."]
[Black "Dasaolu, R."]
[Result "1-0"]
[WhiteElo "2566"]
[BlackElo "2077"]
[PlyCount "116"]
[EventDate "2014.01.28"]

1. e4 d5 2. exd5 Qxd5 3. Nc3 Qa5 4. d4 c6 5. Nf3 Nf6 6. Bc4 Bf5 7. O-O e6 8.
Nh4 Bg4 9. f3 Bh5 10. g4 Bg6 11. f4 Be4 12. Nxe4 Nxe4 13. Qe2 Nd6 14. Bb3 Nd7
15. f5 Be7 16. fxe6 Bxh4 17. exd7+ Kxd7 18. g5 h5 19. Bxf7 Bxg5 20. b4 Qd8 21.
c4 Qe7 22. Bxh5 Qxe2 23. Bxe2 Bf6 24. Bb2 Rae8 25. Rf2 Rh4 26. Rd1 Rhe4 27. c5
Nf5 28. Bf3 Rf4 29. d5 Nd4 30. dxc6+ bxc6 31. Bc1 Rf5 32. h3 Kc7 33. Bg4 Rd5
34. Kg2 Rh8 35. Re1 a5 36. bxa5 Rxc5 37. Bf4+ Kb7 38. Rb1+ Rb5 39. Rxb5+ Nxb5
40. a4 Nc7 41. Rc2 Nd5 42. Bd2 Ra8 43. Bd7 Ra6 44. Kf3 Kc7 45. Bf5 Kd6 46. Bc8
Ra7 47. a6 Rc7 48. Bb7 Bd4 49. Rc4 Bb6 50. Ke2 c5 51. Rg4 Re7+ 52. Kd3 Nf6 53.
Rg5 Ba7 54. Kc4 Ke6 55. Rg1 Kf7 56. Rb1 Re2 57. Bc3 Rc2 58. Bc6 Ke6 1-0

[Event "Gibraltar Masters 2014"]
[Site "Caleta ENG"]
[Date "2014.01.29"]
[Round "2.73"]
[White "Suez Panama, G."]
[Black "El Debs, F."]
[Result "0-1"]
[WhiteElo "2071"]
[BlackElo "2520"]
[PlyCount "80"]
[EventDate "2014.01.28"]

1. d4 d5 2. Nf3 Nf6 3. c4 c6 4. g3 Bf5 5. Bg2 e6 6. Qb3 Qb6 7. c5 Qa6 8. O-O b6
9. Bf4 bxc5 10. dxc5 Nbd7 11. Rc1 Bxc5 12. Nc3 Qb6 13. e3 O-O 14. Na4 Qa5 15.
Ne5 Rfc8 16. Qd1 Nxe5 17. Rxc5 Qc7 18. Qd4 Nfd7 19. e4 Bh3 20. exd5 Bxg2 21.
Kxg2 exd5 22. Rac1 Nxc5 23. Nxc5 f6 24. b3 Re8 25. a4 Qb6 26. b4 Nc4 27. Rxc4
dxc4 28. Qxc4+ Kh8 29. Nd7 Qd8 30. Qxc6 Rc8 31. Qd6 Re7 32. Nc5 Qxd6 33. Bxd6
Re2 34. Kf3 Rc2 35. a5 Rc4 36. Ne4 Re8 37. Nd2 Rd4 38. Bf4 Rd3+ 39. Kg2 g5 40.
Be3 Rexe3 0-1

[Event "Gibraltar Masters 2014"]
[Site "Caleta ENG"]
[Date "2014.01.29"]
[Round "2.74"]
[White "Hambleton, A."]
[Black "Biegel, T."]
[Result "1-0"]
[WhiteElo "2481"]
[BlackElo "2059"]
[PlyCount "97"]
[EventDate "2014.01.28"]

1. d4 d5 2. c4 c6 3. Nf3 Nf6 4. e3 Bf5 5. Nc3 e6 6. Nh4 Be4 7. f3 Bg6 8. g3
Nbd7 9. Be2 Bd6 10. Qb3 Rb8 11. Nxg6 hxg6 12. Kf2 Nh5 13. Bd2 f5 14. Qc2 Qe7
15. Kg2 Qg5 16. f4 Qe7 17. g4 Nhf6 18. g5 Ne4 19. Nxe4 fxe4 20. c5 Bc7 21. h4
Kf7 22. b4 a6 23. a4 Ra8 24. Rab1 Rhb8 25. b5 axb5 26. axb5 Ba5 27. Bc1 cxb5
28. Rxb5 Bc7 29. Bd2 Qe8 30. Rhb1 b6 31. c6 Nf8 32. R5b2 Ra7 33. Bb5 Rba8 34.
Bb4 Ra1 35. Rxa1 Rxa1 36. Ra2 Rxa2 37. Qxa2 Qb8 38. Kf1 Nh7 39. Ke2 Nf8 40. Kd1
Nh7 41. Kc2 Nf8 42. Kb3 Nh7 43. Qa6 Ke8 44. Ka4 Kf7 45. Qb7 Qd8 46. Ba6 Nf8 47.
Qc8 Nh7 48. Qxd8 Bxd8 49. Bd6 1-0

[Event "Gibraltar Masters 2014"]
[Site "Caleta ENG"]
[Date "2014.01.29"]
[Round "2.75"]
[White "Skutta, B."]
[Black "Tseitlin, Ma"]
[Result "0-1"]
[WhiteElo "2048"]
[BlackElo "2389"]
[PlyCount "52"]
[EventDate "2014.01.28"]

1. d4 Nf6 2. Nf3 g6 3. c4 d6 4. Nc3 Bf5 5. Nh4 Bd7 6. Nf3 Bg7 7. e4 O-O 8. Be2
Qe8 9. O-O e5 10. d5 Na6 11. Nd2 Nc5 12. b4 Na4 13. Qb3 a5 14. a3 Nxc3 15. Qxc3
Bh6 16. Bd3 axb4 17. axb4 Rxa1 18. Qxa1 Nh5 19. g3 Bh3 20. Re1 Qc8 21. Nf1 Bg7
22. Ne3 f5 23. c5 f4 24. Nc4 Qg4 25. Be2 fxg3 26. hxg3 Rxf2 0-1

[Event "Gibraltar Masters 2014"]
[Site "Caleta ENG"]
[Date "2014.01.29"]
[Round "2.76"]
[White "Deac, Bogdan-Daniel"]
[Black "Freuler, R."]
[Result "1-0"]
[WhiteElo "2289"]
[BlackElo "2048"]
[PlyCount "113"]
[EventDate "2014.01.28"]

1. d4 Nf6 2. c4 c5 3. d5 b5 4. cxb5 a6 5. bxa6 Bxa6 6. Nc3 g6 7. e4 Bxf1 8.
Kxf1 d6 9. Nf3 Nbd7 10. g3 Bg7 11. Kg2 O-O 12. a4 Qa5 13. Bd2 Rfb8 14. Nb5 Qb6
15. Qc2 Ne8 16. Ra3 Rb7 17. Rb1 Nc7 18. Nxc7 Qxc7 19. a5 Qb8 20. b3 Rb5 21. Ra4
Qb7 22. b4 Rb8 23. Qc4 Qa7 24. Rb3 R8b7 25. h3 Qa8 26. Raa3 h6 27. bxc5 Rxb3
28. Rxb3 Nxc5 29. Rxb7 Qxb7 30. Be3 Qa6 31. Qxa6 Nxa6 32. Nd2 Kf8 33. Nc4 Ke8
34. g4 Kd7 35. Kf1 f5 36. exf5 gxf5 37. gxf5 Nb4 38. Nb6+ Kc7 39. Bd2 Nc2 40.
Nc4 Kb7 41. Ke2 Nd4+ 42. Kd3 Nxf5 43. Ke4 Nh4 44. Ne3 Ka6 45. Nf5 Bf6 46. Nxh6
Ng6 47. Ng4 Bh4 48. Kf5 Nf8 49. f4 Nd7 50. Nh2 Nc5 51. Nf3 Bf6 52. Ng5 Nb3 53.
Be1 Nxa5 54. Bxa5 Kxa5 55. h4 Kb6 56. h5 Kc5 57. Ne4+ 1-0

[Event "Gibraltar Masters 2014"]
[Site "Caleta ENG"]
[Date "2014.01.29"]
[Round "2.77"]
[White "Nejanky, M."]
[Black "Sanchez Jerez, E."]
[Result "1/2-1/2"]
[WhiteElo "2040"]
[BlackElo "2287"]
[PlyCount "106"]
[EventDate "2014.01.28"]

1. e4 c5 2. Nf3 Nc6 3. d4 cxd4 4. Nxd4 e5 5. Nb5 a6 6. Nd6+ Bxd6 7. Qxd6 Qf6 8.
Qd1 Qg6 9. Nc3 d5 10. Nxd5 Qxe4+ 11. Be3 Nd4 12. Nc7+ Ke7 13. Qd3 Nxc2+ 14. Kd2
Qxd3+ 15. Bxd3 Nxe3 16. Nxa8 Nd5 17. Rac1 Ngf6 18. Nc7 Nb4 19. a3 Nxd3 20. Kxd3
Bd7 21. Rc5 Bc6 22. Rxc6 bxc6 23. Nxa6 Nd5 24. g3 Kd6 25. Rc1 f5 26. f3 h5 27.
Nc5 g5 28. Nb7+ Kc7 29. Na5 Ne7 30. b4 Rd8+ 31. Ke3 Rd5 32. a4 Kd7 33. Nc4 Ke6
34. Na5 Rd6 35. Ke2 g4 36. Rc2 f4 37. gxf4 exf4 38. Rc4 Kf5 39. Rc5+ Kg6 40.
fxg4 hxg4 41. Nc4 Re6+ 42. Kf2 Kf6 43. a5 Nd5 44. b5 Nb4 45. Nb2 f3 46. bxc6
Re2+ 47. Kf1 Rxh2 48. c7 g3 49. Rf5+ Kxf5 50. c8=Q+ Kg5 51. Qg8+ Kh4 52. Qh8+
Kg4 53. Qg8+ Kh4 1/2-1/2

[Event "Gibraltar Masters 2014"]
[Site "Caleta ENG"]
[Date "2014.01.29"]
[Round "2.78"]
[White "Hughes, Ro"]
[Black "Sos Andreu, E."]
[Result "0-1"]
[WhiteElo "2027"]
[BlackElo "2285"]
[PlyCount "76"]
[EventDate "2014.01.28"]

1. d4 Nf6 2. Bf4 d5 3. e3 c5 4. c3 Nc6 5. Be2 Qb6 6. Qc1 Bf5 7. Nd2 cxd4 8.
exd4 Rc8 9. Ngf3 Nb4 10. O-O Bd3 11. Qd1 Qa6 12. Re1 Bxe2 13. Rxe2 Nd3 14. Bg3
Nxb2 15. Qf1 Na4 16. Nb3 e6 17. Qe1 Ba3 18. Ng5 O-O 19. Be5 Nd7 20. Re3 f6 21.
Nxh7 Kxh7 22. Rh3+ Kg8 23. Bf4 e5 24. Bd2 Rfe8 25. Qb1 e4 26. Qd1 Bb2 27. Rb1
Bxc3 28. Qg4 Qe6 29. Qg6 Nf8 30. Qh5 Bxd2 31. Nxd2 b6 32. Nf1 Rc3 33. Ne3 Rec8
34. Qh8+ Kf7 35. Rg3 g6 36. Qh6 Rc1+ 37. Rxc1 Rxc1+ 38. Nf1 Nc3 0-1